00807 2200205 4500001002100000005001500021035002000036008004100056245003400097100002100131250000600152260003800158300001200196084001400208082000800222650001000230520033700240990001200577990001200589INLIS00000000000096920240530100913 a0010-0524000204240530 1 ind 1 aRumah Lego /cIvan Tirdianata aTirdianata, Ivan a1 aYogyakarta :bSheila/ Andi,c2019 a202 hlm a813 IVA r a813 4aFiksi aBuku yang berjudul Rumah Lego, Tempat Cinta, Rahasia, Dan Pengkhianatan Bertemu ini merupakan buku novel yang ditulis oleh Ivan Noveli, dan buku ini diterbitkan oleh Penerbit Andi Offset pada Mei tahun 2019. Dengan cerita yang seru di dalamnya, buku ini cocok untuk Anda baca saat ingin mengisi waktu luang dan waktu bersantai Anda. a0741692 a0741693